000 00656nam a22001937a 4500
003 OSt
005 20251127135909.0
008 251127b |||||||| |||| 00| 0 eng d
020 _a13 : 978-0-07-148282-0.
040 _aDWCL-Main llb
_cOC
082 _aGR. 697 J42e 2007
100 _aJayamaha, Lal
245 _aEnergy-efficient building system :
_bgreen strategies for operation and maintenance
_cJayamaha, Lal
260 _aN. Y. :
_bMcGraw-Hill,
_cc2007.
300 _axviii, 288 pages :
_billustration ;
_c23 cm.
504 _aIncludes bibliographical references and index.
650 _21. Buildings-Energy conservation.
942 _2ddc
_cGR
_kGR.
_n0
999 _c6470
_d6470